Statistiques concernant Escape Map Quiz

Cliquez ici pour prendre le quiz!

Statistiques générales

  • Ce quiz a été pris 155 fois
  • Le résultat moyen est 5 sur 16

Statistiques - réponses

Instructions et questionsRéponses% Correct
Tapez "Rue Ludovic Trarieux, n°16" suivi du code postal 16000. Dans quelle ville sommes-nous?Angoulême
100%
Regardez autour de vous et parcourez la rue. Vous devez trouver un pays asiatique qui est noté quelque part. Notez-le pour avancer à l'étape suivante.Liban
77%
Avancez jusqu'à la Rue des Postes. Tournez à droite. Quelque part dans la rue, vous trouverez un nom d'animal écrit. Quel est-il?Civette
53%
Avancez encore jusqu'au sens interdit. Quel est le dernier nombre répété en dessous de l'immobilier?16
52%
En face du sens interdit, tournez à droite. Vous passez devant un bâtiment imposant. Lequel?Le Palais de Justice
52%
Vous êtes désormais sur la place Francis Louvel. Cherchez la rue qui jouxte le chocolat. Quel est son nom?Rue de Beaulieu
52%
Engagez-vous dans cette rue. Résolvez cette énigme: "Si je recule d'un pas je suis un carré. Si j'avance d'un pas je suis un cube. Il réfléchit non loin de moi". Quelle est la solution? (1 mot)Cordonnerie
15%
Tournez dans la Rue de Friedland. Quel bâtiment vous attend au fond?Cathédrale Saint-Pierre
13%
Engagez-vous Rue du Petit Saint-Cybard. Un homme vous regarde en noir et blanc. Qui?Jules Verne
13%
Continuez votre chemin jusqu'à ce que vous croisiez la date de 1939. Prenez du recul et indiquez-moi ce que ce qui est noté sur le bâtiment. Vous êtes à l'embranchement entre une place et la rue, n'hésitez pas à vous rendre sur la place.Le Kiosque
12%
Prenez la Rem Desaix jusqu'à ce qu'un grand auteur français vous indique de tourner. Quel lieu touristique s'y trouve?Le musée
12%
Tournez à gauche. Il y a un nom qui pourrait indiquer une boulangerie. Mais ce n'est pas le cas. Quelle enseigne trouve-t-on à la place?MMA
12%
Entrez Rue d'Arc. Retournez sur la Rem Desaix. Quel est le deuxième parc vers lequel vous vous dirigez?Parc La Gatine
12%
Notez le mot de passe pour ouvrir le portail. C'est le premier mot qui compose le nom de l'endroit trouvé.Mercure
9%
Un bâtiment en travaux est situé non loin de là. Trouvez-le. Je ne vous indique pas où il est, à vous de le chercher. Trouvez le peintre et notez son prénom.Pablo
9%
Le portail permettant de vous échapper est pas loin. Pour cela, il vous faut trouver un endroit où loger pas loin, qui peut vous offrir un repos planétaire. Trouvez-le et notez la rue/avenue/place... Dans laquelle il se trouve.Place des Halles
9%

Distribution des résultats

Percentile par nombre de réponses

% des personnes avec chaque résultat

Votre développement - résultats

Vous n’avez pas pris ce quiz